[Event "Bled/Rogaska Slatina"]
[Site "Bled"]
[Date "1991.??.??"]
[Round "12"]
[White "Damljanovic, Branko"]
[Black "Bareev, Evgeny"]
[Result "1/2-1/2"]
[WhiteElo "2560"]
[BlackElo "2650"]
[Annotator "Horn,Pe"]
[PlyCount "80"]
[EventDate "1991.06.??"]
[EventType "tourn"]
[EventRounds "13"]
[EventCountry "SLO"]
[EventCategory "12"]
[SourceTitle "CBM 024"]
[Source "ChessBase"]
[SourceDate "1991.10.01"]
[SourceVersion "1"]
[SourceVersionDate "1991.10.01"]
[SourceQuality "1"]

1. Nf3 d5 2. g3 c6 3. Bg2 g6 4. O-O Bg7 5. d3 Nf6 6. Nbd2 O-O 7. e4 Qc7 8. Qe2
{N} (8. Re1 e5) 8... dxe4 9. Nxe4 Nxe4 10. Qxe4 e5 11. Re1 Re8 12. Qh4 (12. d4
$6 f5 13. Qh4 e4 $17) 12... c5 13. Be3 Na6 14. a3 Bd7 15. Rab1 Rac8 16. c4 $10
Bf5 17. Ng5 h6 (17... Bxd3 18. Qxh7+ Kf8 19. Bd5 $40) 18. Ne4 g5 19. Qh5 Qd7 {
/\ Bg4-+, ><d3} 20. Qe2 $8 b6 21. b4 cxb4 22. axb4 Nc7 23. Rec1 Red8 24. c5 Nb5
(24... Qxd3 $2 25. Qxd3 Rxd3 26. cxb6 axb6 27. Bxb6 Rd7 28. Rc6 $18) 25. cxb6
axb6 26. Bxb6 Rxc1+ 27. Rxc1 Qxd3 28. Qxd3 Rxd3 29. g4 $5 Bxg4 30. Bf1 Rb3 31.
Bxb5 Rxb4 32. Nc3 (32. Nd6 Bf8) 32... Bh3 {/\ Rg4} (32... e4 33. Bc5 Bxc3 34.
Bxb4 Bxb4 $10) 33. Bf1 (33. f3 e4 $1) 33... Bxf1 34. Ba5 Rb5 35. Nxb5 Bxb5 36.
Rc5 Bd3 37. Bc3 f6 38. Rc7 Kh7 39. h4 Bf5 40. Kh2 gxh4 1/2-1/2

[Event "Moscow ZSKS"]
[Site "Moscow"]
[Date "1992.??.??"]
[Round "?"]
[White "Karasev, Vladimir I"]
[Black "Shvedchikov, Anatoli I"]
[Result "0-1"]
[WhiteElo "2380"]
[BlackElo "2330"]
[Annotator "Horn,Pe"]
[PlyCount "103"]
[EventDate "1992.??.??"]
[EventType "tourn"]
[EventRounds "11"]
[EventCountry "RUS"]
[EventCategory "8"]
[SourceTitle "CBM 030"]
[Source "ChessBase"]
[SourceDate "1992.10.01"]
[SourceVersion "1"]
[SourceVersionDate "1992.10.01"]
[SourceQuality "1"]

1. Nf3 d5 2. g3 c6 3. Bg2 Nf6 4. d3 h6 5. b3 Bf5 6. Bb2 e6 7. O-O Be7 8. Nbd2
O-O 9. e3 a5 10. Nd4 {N} (10. a4 Bh7 (10... Na6 11. Qe2 Nb4 12. Ne1 Nd7 13. e4
Bh7 14. e5 {Balashova-Dolmatova, Moskau 1980} b5 $5 $13) 11. Ne5 (11. Qe2 Na6
12. e4 Nb4 13. Rfc1 $13 {Garcia Palermo-Brunner, BL 88/9}) 11... Nbd7 {
Nikolac-Polugaevsky, Wijk 1979} 12. f4 $5 $13) (10. a3) 10... Bh7 11. a4 e5 12.
N4f3 e4 13. Ne5 exd3 (13... Nbd7 $2 14. Nxd7 Qxd7 15. dxe4 dxe4 16. Bxf6 Bxf6
17. Nxe4 Qxd1 18. Raxd1 $16 (18. Nxf6+ $2 gxf6 19. Raxd1 Bxc2 20. Rd7 Rab8))
14. cxd3 Nfd7 15. d4 (15. e4 Nxe5 16. Bxe5 Nd7 17. Bb2 dxe4 18. dxe4 Nc5 (18...
Bf6)) 15... f6 16. Nxd7 (16. Nef3 Na6 $132) 16... Qxd7 17. e4 $1 dxe4 18. Nxe4
Na6 19. d5 Rfd8 (19... cxd5 20. Nc3 $16) (19... Qxd5 $4 20. Nxf6+ $18) 20. Qh5
(20. d6 $6 Bxd6 21. Bxf6 Bxe4 22. Bxd8 Bxg2 $17) (20. dxc6 $5 Qxd1 21. Rfxd1
bxc6 22. Bc3 Nb4 23. Kf1 $14) 20... Qf5 21. Qxf5 Bxf5 22. dxc6 bxc6 23. Rac1 (
23. Rfd1 Nb4 {><d3}) 23... Nb4 24. Ba3 Rd4 25. Nc5 Nc2 26. Rxc2 Bxc2 27. Ne6
Rd7 28. Bxc6 Bxa3 29. Bxd7 Bxb3 30. Nd4 (30. Rb1 Bxe6 31. Bxe6+ $10) 30... Bc4
31. Rd1 Kf7 32. Nc6 Ra6 33. Rd4 Be2 34. Kg2 Ra8 35. Re4 (35. Rd5 Bb4 $10) 35...
Bd1 36. h4 Bf8 37. Be6+ Kg6 38. g4 h5 39. f3 hxg4 40. fxg4 Bc2 41. Bf5+ Kf7 42.
Rd4 Bb3 43. Rd7+ $2 (43. Nd8+ Kg8 (43... Ke8 44. Bg6+ Ke7 45. Nc6+ Ke6 46. Nd8+
$10) 44. Be6+ Bxe6 45. Nxe6 $10) 43... Kg8 44. Rd4 (44. Nd8 Bxa4 45. Be6+ Kh7
46. Bf5+ Kh8 47. Nf7+ Kg8 48. Rc7 Bb3 $19) 44... Bc5 45. Rf4 Re8 $1 $19 {
/\ Bd5-+} 46. Nxa5 (46. Nd4 Bxa4 47. Ne6 Bc6+) 46... Bd5+ 47. Kf1 Ra8 48. Nc4
Rxa4 49. Bd3 Be3 50. Re4 Bxe4 51. Bxe4 Kf7 (51... Rxc4 $4 52. Bd5+ $10) 52.
Bd5+ 0-1

[Event "Ostrava"]
[Site "Ostrava"]
[Date "1991.??.??"]
[Round "7"]
[White "Gazik, Igor"]
[Black "Plachetka, Jan"]
[Result "0-1"]
[WhiteElo "2455"]
[BlackElo "2470"]
[Annotator "Horn,Pe"]
[PlyCount "128"]
[EventDate "1991.09.??"]
[EventType "tourn"]
[EventRounds "9"]
[EventCountry "CZE"]
[EventCategory "9"]
[SourceTitle "CBM 026"]
[Source "ChessBase"]
[SourceDate "1992.02.01"]
[SourceVersion "1"]
[SourceVersionDate "1992.02.01"]
[SourceQuality "1"]

1. Nf3 d5 2. g3 Nf6 3. Bg2 c6 4. b3 Bg4 5. Bb2 Nbd7 6. c4 e6 7. O-O Bd6 8. d3
O-O 9. Nbd2 Qe7 10. h3 (10. cxd5 exd5 11. a3 {Filipowicz-Sydor, Polen 1973})
10... Bxf3 11. Nxf3 Ba3 12. Qc1 Bxb2 13. Qxb2 a5 (13... Rfe8 14. Rac1 a5 15. a3
Rad8 16. Rc2 c5 17. Rb1 b6 18. b4 axb4 19. axb4 Rb8 20. Nd2 $14 {
Benkö-Hennings, Siegen ol 1970}) 14. a3 e5 $1 $10 15. e3 (15. b4 axb4 16. axb4
Rxa1 17. Rxa1 e4 18. Nd4 e3 $132) 15... e4 16. dxe4 dxe4 17. Nd2 Nc5 18. Qc2 (
18. b4 $2 Nd3 19. Qc2 axb4 20. Nxe4 Nxe4 21. Qxd3 Nc5 $17) 18... Rfd8 {/\ Rxd2}
(18... Nd3 $2 19. Nxe4 Nxe4 20. Qxd3 $18) 19. Rfd1 h5 20. Rab1 Re8 21. b4 axb4
22. axb4 Na6 23. c5 (23. Qc3 Rad8) 23... Nc7 24. Nc4 Nb5 25. Nd6 Nxd6 26. cxd6
(26. Rxd6 Qe5 $15) 26... Qe5 27. Rd4 $6 (27. d7 Red8 28. Rd4 Qe6 (28... Rxd7
29. Rxd7 Nxd7 30. Bxe4) 29. Bxe4 (29. Kh2 Ra2 30. Rb2 Rxb2 31. Qxb2 Rxd7) 29...
Nxe4 (29... Qxh3 $2 30. Bf5 Ng4 31. Bxg4 hxg4 32. Qe4 $16) 30. Qxe4 Qxe4 31.
Rxe4 Rxd7 $10) 27... Rad8 28. Qc5 Rd7 29. Rc1 g6 30. Rcc4 (30. Qxe5 Rxe5 31.
Rcc4 Re6 32. Bxe4 $2 b5 $19) 30... Qe6 31. Rc1 (31. Bxe4 $2 b5 $19 (31... Nxe4
32. Rxe4 Qxe4 33. Rxe4 Rxe4 {/\ Re6-/+})) (31. b5 $5 cxb5 32. Qxb5 Rxd6 33.
Qxb7 $10 (33. Rxd6 Qxd6 34. Bxe4 Rxe4 35. Rxe4 Nxe4 36. Qe8+ Kg7 37. Qxe4 b5
$15)) 31... Red8 32. Rcd1 Kg7 33. R1d2 Ra8 34. Rd1 (34. Qc3 Kg8 35. Qc2) 34...
Ra2 35. R4d2 $2 (35. R1d2 Rxd2 (35... Qb3 36. Rxa2 Qxa2 37. Qe5) 36. Rxd2 Nd5
37. Qd4+ Kh7 38. Bxe4 Rxd6 $10) (35. b5 Ra5 36. Rb1) 35... Qb3 $19 36. Qd4 (36.
Rxa2 Qxd1+ 37. Kh2 Rxd6) (36. Rd4 Qb2 37. R4d2 Qxd2 38. Rxd2 Rxd2 $17) 36...
Ra4 37. Rb2 Qd5 38. Qxd5 cxd5 39. Bf1 Rxd6 40. Bb5 Ra3 41. Kf1 Nh7 42. h4 Nf6
43. Be2 Rc6 44. Rbb1 Kf8 45. Ra1 Rxa1 46. Rxa1 Rb6 47. b5 Ke7 48. Ra8 Ne8 49.
Rc8 Kd7 50. Ra8 Nc7 51. Rf8 Ke6 52. g4 hxg4 53. Bxg4+ Ke7 54. Rc8 Nxb5 55. h5
gxh5 56. Bxh5 Nd6 57. Rg8 Rb2 58. Bg4 f5 59. Bh5 b5 60. Rb8 b4 61. Rb6 Kd7 62.
Ra6 b3 63. Be2 Rb1+ 64. Kg2 Re1 0-1

[Event "FRA-ch"]
[Site "Montpellier"]
[Date "1991.??.??"]
[Round "?"]
[White "Bricard, Emmanuel"]
[Black "Renet, Olivier"]
[Result "1/2-1/2"]
[WhiteElo "2390"]
[BlackElo "2485"]
[Annotator "Horn,Pe"]
[PlyCount "120"]
[EventDate "1991.08.??"]
[EventType "tourn"]
[EventRounds "15"]
[EventCountry "FRA"]
[EventCategory "8"]
[SourceTitle "CBM 027"]
[Source "ChessBase"]
[SourceDate "1992.04.01"]
[SourceVersion "1"]
[SourceVersionDate "1992.04.01"]
[SourceQuality "1"]

1. Nf3 Nf6 2. g3 d5 3. Bg2 c6 4. O-O Bg4 5. d3 Nbd7 6. Nbd2 e5 7. e4 dxe4 8.
dxe4 Bc5 9. h3 Bh5 10. Qe1 Qc7 (10... O-O 11. Nb3 $5 (11. Nc4 Re8 (11... Bxf3
12. Bxf3 Qe7 13. Qe2 Qe6 14. Kg2 $36 {Larsen-Vaganian, London 1985}) 12. a4 Qc7
13. Nh4 {Kindermann-Gelfand, München 1991}) 11... Bb6 12. a4 a5 (12... a6 13.
a5 Ba7 14. Be3 Bxe3 15. Qxe3 Qe7 16. Nh4 $14 {Smejkal-Bönsch, Altensteig 1991})
13. Be3 Bxe3 14. Qxe3 Bxf3 15. Bxf3 Qc7 16. Rfd1 $14 {Smejkal-Kuczynski,
Polanica Zdroj 1991}) (10... Bxf3 11. Bxf3 O-O 12. a4 Qe7 13. Qe2 a5 14. Nc4
Ne8 $6 (14... Nb6 15. Ne3 g6 16. h4 $14) 15. Bd2 b6 16. Bg4 $16 {Damljanovic-C.
Hansen, New York op 87}) 11. Nb3 Be7 (11... Bb6 12. a4 a5 13. Be3 $14) 12. Nh4
Bg6 13. Qe2 O-O 14. Nxg6 hxg6 15. Be3 Rfe8 16. Rfd1 Nf8 17. a4 Ne6 18. h4 (18.
a5 $14) 18... a5 19. Bh3 {/\ Bxe6} Bf8 20. Qc4 b6 21. f3 (21. c3 $5 $14) 21...
Nd4 22. Kg2 Nxb3 23. Qxb3 Rab8 24. Rd3 Red8 25. Rxd8 $6 (25. Rad1 $14) 25...
Qxd8 26. Qc3 Bc5 $1 27. Qe1 (27. Bxc5 bxc5 28. b3 (28. Qxc5 Qd2+) 28... Qd4
$132) 27... Bxe3 28. Qxe3 Qd6 29. Ra3 Qb4 30. Qc3 Rd8 31. Qxb4 axb4 32. Rd3
Rxd3 33. cxd3 Nh5 (33... c5 34. f4 exf4 35. gxf4 $36) 34. f4 exf4 35. g4 Nf6
36. g5 Ne8 37. Kf3 Kf8 38. Kxf4 Ke7 39. Ke5 f6+ 40. Kd4 Nd6 41. e5 Nf7 42.
exf6+ gxf6 43. gxf6+ Kxf6 44. Bg2 Ne5 45. Be4 Ke6 46. Ke3 c5 47. b3 Ke7 48. d4
cxd4+ 49. Kxd4 Kd6 50. Bd5 Nd7 51. Bg8 Ne5 52. Ke4 Nd7 53. Bf7 Ne5 54. Be8 Ke6
55. Bb5 Kd6 56. Ba6 Ke6 57. Bc8+ Kd6 58. Bh3 Nf7 59. Bg4 Ne5 60. Be2 Ke6
1/2-1/2

[Event "Jakarta Gunadarma"]
[Site "Jakarta"]
[Date "1996.??.??"]
[Round "9"]
[White "Hickl, Joerg"]
[Black "Lioe, Dede"]
[Result "0-1"]
[WhiteElo "2600"]
[BlackElo "2405"]
[Annotator "Horn,Pe"]
[PlyCount "92"]
[EventDate "1996.10.15"]
[EventType "tourn"]
[EventRounds "9"]
[EventCountry "INA"]
[EventCategory "13"]
[SourceTitle "CBM 056"]
[Source "ChessBase"]
[SourceDate "1997.02.01"]
[SourceVersion "1"]
[SourceVersionDate "1997.02.01"]
[SourceQuality "1"]

1. g3 d5 2. Nf3 c6 3. Bg2 Bg4 4. b3 Nd7 5. Bb2 Ngf6 6. d3 e6 7. O-O Bd6 8. Nbd2
O-O 9. Qe1 Re8 10. h3 Bh5 11. e4 e5 12. Nh4 Qb6 {Das scheint hier neu: f4 wird
unterbunden.} (12... a5 13. a3 {wird sehr häufig eingeschaltet.}) (12... Qc7) (
12... Bg6) (12... Nf8) (12... Nc5) (12... Bc5) 13. Nf5 Bf8 14. Kh2 (14. Kh1 {
wäre sinnvoller, wenn man f4 beabsichtigt. Hickl hat aber andere Absichten.})
14... Rad8 15. a3 Nc5 16. Rb1 Bg6 17. Nh4 dxe4 (17... Bh5 {wäre die
prinzipielle Fortsetzung}) 18. dxe4 Qc7 19. Nxg6 $14 {Dieser Abtausch läßt
Weiß das B-Paar, ohne daß er seine Stellung mit g4 schwächen mußte.} hxg6 20.
Rd1 Rd7 21. Qe2 b5 22. b4 Na4 23. Ba1 a5 24. c3 {Momentan sieht der Ba1 recht
traurig drein; er kommt aber schnell wieder ins Leben.} (24. bxa5 Qxa5 (24...
Bxa3 25. Nb3 $14) 25. Nb3 Qd8 26. Rxd7 Qxd7 $11) 24... Red8 25. Nb3 {Das ist
der Trick: Schwarz muß nun den Ba1 befreien.} axb4 26. cxb4 (26. axb4 $6 Nb6
27. Rxd7 Qxd7 28. f4 Bd6 $15 {[%csl Ra1]}) 26... Nb6 27. Rxd7 Qxd7 $5 {Schwarz
greift zu radikalen Mitteln, um nicht in eine passive Position zu geraten.} (
27... Nfxd7 28. Na5 $16 {[%csl Rc6][%cal Yf1c1]}) 28. Na5 (28. Bxe5 $5 Nc4 29.
Bc3 $1 (29. Bxf6 gxf6 30. Ra1 Qd3 31. Qxd3 Rxd3 32. Nc5 Rxa3 $11) 29... Nxa3 {
Diese Stellung sollte von der Bauernstruktur her gut für Weiß sein: die
schwarze Majorität ist durch den rückstandigen Pc6 entwertet, während die
weiße Bauernmajorität intakt ist. Außerdem sollte dem B-Paar die Öffnung der
Stellung zugute kommen.} 30. Rc1 Nc4 (30... Qd3 $6 31. Qxd3 Rxd3 32. Bf1 Rd8 (
32... Rxc3 33. Rxc3 Bxb4 34. Rxc6 Nxe4 35. f3 $18) 33. f3 $14) 31. Bf1 {
[%cal Yf2f3] /\ f3+/-}) 28... c5 $8 29. bxc5 Bxc5 30. Bxe5 Qd3 (30... Ra8 31.
Rc1 Bxa3 (31... Rxa5 32. Rxc5 $18) 32. Rc7 Qe8 33. Nc6 $16) 31. Qa2 $5 {
Weiß möchte mehr als das leicht bessere Endspiel.} (31. Re1 Qxe2 32. Rxe2 {
[%cal Re5c7]} Ra8 33. Nc6 Bxa3 (33... Rxa3 34. Bd4 $16) 34. Ra2 Nc4 35. Bc3 $14
) (31. Qxd3 Rxd3 32. f4 Rxa3 33. Nb7 $14) 31... Nxe4 (31... Ra8 32. Qb3 Qe2 33.
Bxf6 Rxa5 (33... gxf6 34. Qc3 $18) 34. Bb2 (34. Qc3 Nc4 35. Bxg7 Rxa3 36. Qf6
Nd2 37. Rc1 Rf3 $3 $11) (34. Bxg7 Rxa3 35. Qb2 $14) 34... Nc4 $140 35. Bc3 $16)
32. Nb3 (32. Nb7 $5 {sieht in meinen Augen besser aus.} Re8 (32... Rd5 $6 {
bringt Schwarz in eine verdächtige Fesselstellung.}) 33. Re1 Rxe5 34. Nxc5 Rxc5
35. Bxe4 {[%csl Rd3,Rg6]} Qd6 36. Bg2 $36 {Trotz des reduzierten Materials ist
die schwarze Stellung nicht einfach. Er darf keine Verdoppelung der weißen
Schwerfiguren auf der 8.Reihe zulassen.} Nc4 37. Re8+ (37. a4 bxa4 38. Qxa4 Rc8
) 37... Kh7 38. a4 $36) 32... Nc4 33. Nxc5 $2 {(Für mich) erstaunlicherweise
führt dieser naheliegende Zug zu Problemen für Weiß. Die Springer sind hier
stärker als die Läufer.} (33. Re1 $142 Nxe5 34. Nxc5 Nxc5 (34... Ng4+ 35. hxg4
Nxc5 36. Re7 $14) 35. Rxe5 $14) 33... Nxc5 34. Bf4 (34. Qa1 Nd2 (34... Nb3 35.
Qc3 Qxc3 36. Bxc3 Nxa3 $17) 35. Rd1 Qe2 36. Kg1 (36. Bxg7 Ncb3 37. Qf6 Qxd1 38.
Bh8 Nf3+ 39. Bxf3 Qd4 $19) 36... Nce4 $40) (34. Rc1 Nxe5 35. Rxc5 Nf3+ 36. Bxf3
Qxf3 37. Rc1 $17) (34. Re1 Qxa3 35. Qxa3 Nxa3 $17) 34... Qxa3 35. Qe2 (35. Qxa3
Nxa3 36. Bc7 $17) 35... Ne6 36. Bc1 Qd3 37. Qxd3 (37. Qe1 $5 $17) 37... Rxd3
38. Re1 (38. Be4 Rc3 {[%cal Ye6c5,Rb5b1]}) 38... b4 39. Bf1 (39. Be4 $5) 39...
Rc3 40. Bf4 $2 (40. Bxc4 Rxc4 41. Be3 {scheint bessere
Verteidigungsmöglichkeiten zu bieten.}) 40... Nxf4 41. Re8+ Kh7 42. gxf4 Nd2
43. Be2 Nf3+ 44. Kg2 (44. Bxf3 Rxf3 45. Re4 (45. Kg2 Rxf4 $19) 45... Rxf2+ $19)
44... Nd4 45. Bg4 (45. Re4 Nxe2 46. Rxe2 Rc7 $19 {[%cal Yc7b7]}) 45... b3 46.
Rb8 f5 0-1

[Event "Ubeda"]
[Site "Ubeda"]
[Date "1997.02.20"]
[Round "11"]
[White "Akopian, Vladimir Eduardovic"]
[Black "Beliavsky, Alexander G"]
[Result "0-1"]
[WhiteElo "2655"]
[BlackElo "2665"]
[Annotator "Horn,Pe"]
[PlyCount "100"]
[EventDate "1997.02.07"]
[EventType "tourn"]
[EventRounds "11"]
[EventCountry "ESP"]
[EventCategory "16"]
[SourceTitle "CBM 058"]
[Source "ChessBase"]
[SourceDate "1997.06.01"]
[SourceVersion "1"]
[SourceVersionDate "1997.06.01"]
[SourceQuality "1"]

1. Nf3 {Beliavsky} Nf6 2. g3 d5 3. Bg2 c6 4. O-O Bg4 5. d3 Nbd7 6. Qe1 e5 7. e4
dxe4 8. dxe4 Bc5 9. Nbd2 O-O 10. h3 Bh5 11. Nc4 (11. b3 {Beliavsky}) 11... Re8
(11... Bxf3 12. Bxf3 $14) 12. a4 (12. b4 {ist die Alternative, zu der einige
Erfahrung vorliegt.}) (12. Nh4 $5 {Beliavsky}) 12... Nb6 $146 {ein Fund:
Schwarz erkennt, daß er sich um den Pe5 keine Sorgen machen muß und befragt
den starken Nc4.} (12... Qc7 13. Nh4 $1 (13. a5 b5 14. axb6 axb6 15. Rxa8 Rxa8
16. b4 Ra4 17. bxc5 Rxc4 18. cxb6 Qxb6 19. Be3 Qb5 20. Nd2 Rxc2 21. Qa1 h6 22.
Rb1 Qd3 23. Bf1 Qd6 24. Nc4 $13 {Loginov,V-Vladimirov,E/Tashkent/1987/0.5 (52)}
) 13... Bf8 14. Bg5 $1 Bg6 15. Nxg6 (15. Rd1 $5 {Gelfand,Kapengut} h6 16. Bxf6
Nxf6 17. Nxg6 fxg6 18. h4 {/\ Bh3+/=}) 15... hxg6 16. Qe2 Nc5 17. Bxf6 gxf6 18.
h4 Bh6 19. b4 Ne6 20. c3 b5 21. axb5 cxb5 22. Ne3 $10 {Kindermann,S-Gelfand,B/
Munchen/1991}) (12... a5 $5 {Gelfand,Kapengut} 13. Bd2 (13. Nh4 $5) 13... b6
14. Nh4 Nf8 $5 $13 (14... Qc7 {leitet in gewohnte Bahnen über:} 15. Nf5 Bg6 16.
Rd1 Bxf5 17. exf5 Nd5 18. Ne3 N7f6 19. Nxd5 Nxd5 20. Qe4 $14 {
Vaganian-Fahnenschmidt/BL/1992}) 15. Bc3 N6d7 16. Nf5 f6 17. g4 Bf7 18. Ncd6
Re6 19. Rd1 Ng6 20. Qd2 Ndf8 $13) (12... b5 13. Na5 Qc7 14. Nh4 Nb6 15. Qc3
Nfd7 16. Nb3 b4 17. Qe1 Bf8 18. a5 Nc8 19. g4 Bg6 20. Qe2 (20. f4 $5) 20... c5
21. Nd2 Nd6 22. Nc4 $14 {Petrosian,A-Asrian,K/ARM-ch Erevan/1995}) 13. Na5 (13.
Nfxe5 $6 Nxc4 14. Nxc4 Nxe4 15. Bxe4 Bg6 $15 (15... f5 $15)) (13. Ncxe5 $2 Bxf3
14. Nxf3 Nxe4 $40) 13... Rb8 $5 {kommt ein wenig überraschend} (13... Qc7 14.
Nh4) 14. Nh4 (14. Bd2 {Beliavsky} Nc8 15. Bc3 $13) 14... Nc8 15. b4 (15. Nb3
Bb6) 15... Bb6 {Diese Rückzugsmöglichkeit hat sich Schwarz durch das nicht
naheliegende 13...Rb8 (gegenüber 13...Qc7) geschaffen.} 16. Nb3 (16. Nc4 {
Dieser Zug entspricht mehr der üblichen Strategie, einen Druck gegen Pe5 zu
entwickeln.} Qd4 $140 $6 {ein Schuß ins Leere} (16... Bc7 17. Bb2) 17. Nb2 $8
$14) 16... Nd6 {[%csl Gc4] Mit 16.Nb3 hat Weiß die Kontrolle über c4
aufgegeben.} 17. a5 Bc7 18. Nc5 (18. g4 Bg6 19. Nxg6 fxg6 (19... hxg6) 20. Nc5
$13 (20. c3) (20. Qe2)) (18. f3 {Dieser Zug erscheint etwas seltsam, da der
Bg2 nun gar keinen Auslauf mehr hat. Da die Einflugschneise des Bh5 jetzt aber
blockiert ist, kann Weiß langsam sein Figurenknäuel Qe1, Rf1, Bg2 entwirren.
Dem Nh4 kann es nur schwerlich an den Kragen gehen, da bei Bedarf g4 möglich
ist.}) (18. Bg5 $5 {Beliavsky} h6 $6 19. Be3 $132 {/\Ba7,/\g4}) 18... Nd7 19.
Nxd7 $2 {Der Abtausch entwickelt Schwarz. Ich habe aber das Gefühl,daß schon
bei den letzten Zügen nicht alles ganz stimmig war.} (19. Be3 Nxc5 20. Bxc5 (
20. bxc5 Nc4 $17) 20... b6 (20... a6 21. Ra3 {[%cal Ya3d3] gegenüber der
Partie hat Weiß Zeit gewonnnen.}) 21. axb6 axb6 22. Bxd6 (22. Be3 Nc4 23. Bc1)
22... Bxd6 23. Nf5 Bf8 24. Qc3 $11) (19. Nd3 $5 {Beliavsky}) 19... Qxd7 20. Ra3
{[%cal Ya3d3] Es liegt nahe, die offene d-Linie mit einem R zu besetzen. Da
der "normale" Weg (Ra1-d1) verboten ist, wählt Weiß einen Umweg.} (20. Be3 a6
21. g4 Bg6 22. Nxg6 hxg6 23. Rd1 Qe6 24. f4 exf4 25. Bxf4 b6 26. Qg3 $132) (20.
g4 {Beliavsky} Bg6 21. Nf5 $13) 20... f6 $15 {><c4 Das ist ein ganz typisches
Manöver in solchen Stellungen: Pe5 wird befestigt und der Bh5 kann über f7 in
das Geschehen am Damenflügel eingreifen. Der weiße Vormarsch dort hat ihm nur
eine Schwäche auf c4 eingetragen.} 21. Be3 a6 22. Bc5 (22. Rd3 Qe6) 22... Rbd8
23. Rd3 Qe6 24. Qd2 {Der Zug lädt zu Nc4 ein und hinterläßt deswegen einen
traurigen Eindruck. Es ist aber zu beachten, daß die Qe1 sich wegen Be2 nicht
allzuweit bewegen durfte.} (24. f3 $142 {[%csl Rg2] Bei der vorgegebenen
Zentralformation erfüllt der Bg2 nur defensive Funktionen. Deswegen strebt
Weiß neue Betätigungsmöglichkeiten für ihn an. Der Traum wäre die Diagonale
a2-g8, aber auch auf f1 oder h3 stünde er besser.}) (24. g4 {Beliavsky} Bf7 25.
Qe3) 24... Nc4 25. Qc3 Rxd3 (25... Be2 26. Rxd8 Rxd8 27. Re1) 26. cxd3 (26.
Qxd3 Rd8 27. Qc3 Nd2 $17 {ist die Alternative: durch die unbestrittene
Beherrschung der d-Linie hat Schwarz klare Vorteile.}) 26... Nd6 {[%csl Gd4]
[%cal Yd6b5] /\Nb5,Rd8><d3 -/+} 27. Bxd6 (27. f4 Nb5 28. Qc2 Qd7 29. Nf5 exf4
30. gxf4 Bf7 $17 {[%cal Rf7e6]}) 27... Bxd6 28. Nf5 Bf8 {[%csl Rb4]} 29. f4 Bf7
{[%cal Re6b3] ><b4,><d3.} 30. fxe5 fxe5 31. Qd2 Rd8 32. Bf3 g6 33. Be2 Qa2 $19
(33... gxf5 $2 34. Qg5+ Qg6 35. Qxd8 Qxg3+ 36. Kh1 Qxh3+ 37. Kg1 Qg3+ 38. Kh1
$11) 34. Qg5 (34. Qxa2 Bxa2 35. Nh4 Bxb4 $19) 34... Rd7 35. Rf2 Qb1+ 36. Kg2
Qxb4 $19 37. h4 Qxa5 38. h5 Qd8 39. Nh6+ Bxh6 40. Qxh6 Qe7 (40... a5 $2 {
Beliavsky} 41. Bg4 Re7 42. hxg6 hxg6 43. Rxf7 $132) 41. g4 Rd6 42. Qe3 Rf6 43.
Bf3 gxh5 44. gxh5 Rf4 45. d4 Qg5+ 46. Kf1 Bc4+ 47. Ke1 Rxe4 48. Qxe4 Qg1+ 49.
Kd2 Qxf2+ 50. Kc3 Be6 (50... Be6 51. dxe5 Qc5+ $19) 0-1

[Event "Espergarde PC"]
[Site "Espergarde"]
[Date "1992.??.??"]
[Round "6"]
[White "Conquest, Stuart"]
[Black "Hansen, Lars Bo"]
[Result "0-1"]
[WhiteElo "2495"]
[BlackElo "2530"]
[Annotator "Horn,Pe"]
[PlyCount "82"]
[EventDate "1992.??.??"]
[EventType "tourn"]
[EventRounds "9"]
[EventCountry "DEN"]
[EventCategory "9"]
[SourceTitle "CBM 033"]
[Source "ChessBase"]
[SourceDate "1993.04.01"]
[SourceVersion "1"]
[SourceVersionDate "1993.04.01"]
[SourceQuality "1"]

1. g3 d5 2. Bg2 c6 3. Nf3 Bg4 4. b3 Nd7 5. Bb2 Ngf6 6. d3 e6 7. Nbd2 Be7 8. e4
O-O 9. h3 Bxf3 10. Qxf3 dxe4 11. dxe4 Bb4 12. Rd1 (12. c3 Ne5 $17) 12... Qa5
13. a3 Bxd2+ (13... Bxa3 $2 14. Ra1 $18) 14. Rxd2 Rfd8 15. b4 Qc7 16. Qd1 e5
17. g4 (17. O-O $16) (17. c4 $16) 17... c5 18. g5 Ne8 19. h4 cxb4 20. Rh3 bxa3
21. Bxa3 Qa5 22. Kf1 Nc5 23. Rd5 Ne6 $8 (23... Rxd5 $2 24. Qxd5 Rd8 25. Qxc5
Rd1+ 26. Ke2 $18) 24. Be7 (24. Rhd3 $2 Rxd5 (24... Qa6 25. Rxe5) 25. exd5 Nf4)
24... Qa6+ 25. Kg1 Rxd5 26. exd5 Nf4 27. Ra3 Qb5 28. d6 {/\ 29.d6-d7} Qd7 29.
Bf1 (29. Bf3 $5) 29... Nc7 30. Rxa7 $2 (30. c4) 30... Rxa7 31. dxc7 Qxc7 32.
Bd8 Qc8 33. Kh2 Ra8 34. Bb6 Qe6 35. Bc5 Rc8 36. c4 h6 37. Be3 Qe7 38. Qg4 Rc6
39. gxh6 Rxh6 40. Qc8+ Qf8 41. Qxf8+ Kxf8 0-1